000 00544nam a22001817a 4500
005 20251127120019.0
008 251127b |||||||| |||| 00| 0 eng d
020 _a978-81-7534-809-7
050 _aK 3700.P 36 2009
100 _aPANDURANGAN K.
245 _aE-JUSTICE PRACTICAL GUIDE FOR THE BENCH AND THE BAR
250 _a2009
260 _aDELHI
_bUNIVERSAL LAW PUBLISHING
_c2009
300 _aX,310
500 _aINCLUDES SUBJECT INDEX
650 _aJUSTICE ADMINISTRATION OF DATA PROCESSING...COURTS -AUTOMATION
942 _2lcc
_cBK
999 _c216310
_d216310